000 00302nam a22001337a 4500
003 SGT
082 _a342.0954
_bSEE
100 _aSEERVAI H M
245 _aCONSTITUTIONAL LAW OF INDIA
_bSUPPLEMENT
250 _a3
260 _aBOMBAY
_bN M TRIPATHI PVT LTD.
_c1988
300 _a592
942 _2ddc
_cBK
999 _c27621
_d27621